[Event "GRE mix 17th"]
[Site "Greece"]
[Date "2003.12.19"]
[Round "2"]
[White "Kotrotsos, Vasilios"]
[Black "Boutaev, Gazi"]
[Result "1/2-1/2"]
[WhiteElo "2145"]
[BlackElo "1760"]
[PlyCount "59"]
[EventDate "2003.12.??"]
[EventType "team"]
[EventRounds "5"]
[EventCountry "GRE"]
[SourceTitle "EXT 2005"]
[Source "ChessBase"]
[SourceDate "2004.11.15"]
[SourceVersion "1"]
[SourceVersionDate "2004.11.15"]
[SourceQuality "1"]

1. e4 e5 2. Nf3 Nc6 3. d4 exd4 4. Nxd4 Nf6 5. Nxc6 bxc6 6. e5 Qe7 7. Qe2 Nd5 8. c4 Ba6 9. b3 g5 10. g3 Bg7 11. Bb2 0-0-0 12. Nd2 Rhe8 13. 0-0-0 Nb6 14. f4 gxf4 15. gxf4 Qh4 16. Qf3 Bh6 17. c5 Bxf1 18. cxb6 Ba6 19. bxa7 Kb7 20. f5 Kxa7 21. Qg3 Qf4 22. Qxf4 Bxf4 23. Rde1 Rg8 24. Bd4+ Kb7 25. Reg1 Bd3 26. f6 Rg6 27. Rxg6 hxg6 28. Kd1 Ra8 29. a4 Rh8 30. h4 1/2-1/2

[Event "GRE-ch U18"]
[Site "Chania"]
[Date "2003.04.23"]
[Round "6"]
[White "Boutaev, Gazi"]
[Black "Ziogas, Paris"]
[Result "0-1"]
[WhiteElo "1730"]
[BlackElo "2005"]
[PlyCount "68"]
[EventDate "2003.04.??"]
[EventType "swiss"]
[EventRounds "7"]
[EventCountry "GRE"]
[SourceTitle "EXT 2005"]
[Source "ChessBase"]
[SourceDate "2004.11.15"]
[SourceVersion "1"]
[SourceVersionDate "2004.11.15"]
[SourceQuality "1"]

1. d4 d5 2. c4 e6 3. Nf3 c6 4. Nc3 dxc4 5. e3 b5 6. a4 Bb4 7. Bd2 a5 8. axb5 Bxc3 9. Bxc3 cxb5 10. b3 Bb7 11. bxc4 b4 12. Bb2 Nf6 13. Bd3 Nbd7 14. 0-0 Qc7 15. Re1 0-0 16. e4 e5 17. c5 exd4 18. Bxd4 h6 19. e5 Nd5 20. e6 fxe6 21. Rxe6 Nxc5 22. Rg6 Rf7 23. Rc1 Nc3 24. Bxc3 Nxd3 25. Qxd3 Rc8 26. Qe3 bxc3 27. Qxh6 Bxf3 28. gxf3 c2 29. Qe3 Qf4 30. Kf1 Qxh2 31. Re6 Rcf8 32. Re8 Qh1+ 33. Ke2 Qxf3+ 34. Qxf3 Rxe8+ 0-1

[Event "GRE-ch U18"]
[Site "Chania"]
[Date "2003.04.22"]
[Round "5"]
[White "Bensenousi, Iskar"]
[Black "Boutaev, Gazi"]
[Result "1-0"]
[WhiteElo "1855"]
[BlackElo "1730"]
[PlyCount "47"]
[EventDate "2003.04.??"]
[EventType "swiss"]
[EventRounds "7"]
[EventCountry "GRE"]
[SourceTitle "EXT 2005"]
[Source "ChessBase"]
[SourceDate "2004.11.15"]
[SourceVersion "1"]
[SourceVersionDate "2004.11.15"]
[SourceQuality "1"]

1. e4 c5 2. Nf3 Nc6 3. d4 cxd4 4. Nxd4 Nf6 5. Nc3 e5 6. Ndb5 d6 7. Bg5 a6 8. Na3 b5 9. Nd5 Qa5+ 10. Bd2 Qd8 11. Bg5 Qa5+ 12. Bd2 Qd8 13. Nxf6+ gxf6 14. c4 bxc4 15. Bxc4 Be6 16. Qa4 Qb6 17. Rc1 Bxc4 18. Rxc4 Kd7 19. 0-0 Be7 20. Rfc1 Rhc8 21. Rb4 Qc7 22. Nc4 a5 23. Nb6+ Kd8 24. Nxa8 1-0

[Event "GRE-ch U18"]
[Site "Chania"]
[Date "2003.04.22"]
[Round "4"]
[White "Tsioulhas, V."]
[Black "Boutaev, Gazi"]
[Result "0-1"]
[WhiteElo "1735"]
[BlackElo "1730"]
[PlyCount "48"]
[EventDate "2003.04.??"]
[EventType "swiss"]
[EventRounds "7"]
[EventCountry "GRE"]
[SourceTitle "EXT 2005"]
[Source "ChessBase"]
[SourceDate "2004.11.15"]
[SourceVersion "1"]
[SourceVersionDate "2004.11.15"]
[SourceQuality "1"]

1. e4 e5 2. Nf3 Nc6 3. Bb5 a6 4. Bxc6 dxc6 5. 0-0 Bg4 6. h3 h5 7. d3 Qf6 8. Nbd2 Bd6 9. Re1 Ne7 10. Nf1 Bxf3 11. Qxf3 Qxf3 12. gxf3 0-0-0 13. f4 f6 14. fxe5 fxe5 15. Be3 c5 16. Nd2 Rdf8 17. Re2 Ng6 18. Kh2 Nf4 19. Bxf4 Rxf4 20. Rg1 Rg8 21. Rg5 g6 22. f3 Be7 23. Rxe5 Bd6 24. Rd5 Rxe4+ 0-1

[Event "GRE-ch U18"]
[Site "Chania"]
[Date "2003.04.21"]
[Round "3"]
[White "Boutaev, Gazi"]
[Black "Kotrotsos, Vasilios"]
[Result "1/2-1/2"]
[WhiteElo "1730"]
[BlackElo "2155"]
[PlyCount "73"]
[EventDate "2003.04.??"]
[EventType "swiss"]
[EventRounds "7"]
[EventCountry "GRE"]
[SourceTitle "EXT 2005"]
[Source "ChessBase"]
[SourceDate "2004.11.15"]
[SourceVersion "1"]
[SourceVersionDate "2004.11.15"]
[SourceQuality "1"]

1. d4 g6 2. c4 Bg7 3. e4 c5 4. d5 d6 5. Nc3 Bxc3+ 6. bxc3 Qa5 7. Qc2 Nd7 8. Nf3 Nb6 9. Bd3 Bd7 10. 0-0 0-0-0 11. e5 Qa4 12. Qe2 Bg4 13. exd6 exd6 14. Re1 Nf6 15. Qe7 Nh5 16. Be3 Qd7 17. Qxd7+ Nxd7 18. Nd2 Ne5 19. Bc2 Bf5 20. Bxf5+ gxf5 21. f4 Ng4 22. g3 Rde8 23. Bf2 Nhf6 24. h3 Nxf2 25. Kxf2 Kd7 26. Kf3 h5 27. Rab1 b6 28. Rbc1 Reg8 29. Rg1 Rg7 30. Rce1 Rhg8 31. Kf2 h4 32. gxh4 Rxg1 33. Rxg1 Rxg1 34. Kxg1 Nh5 35. Kf2 Nxf4 36. Kf3 Nxd5 37. cxd5 1/2-1/2

[Event "GRE-ch U18"]
[Site "Chania"]
[Date "2003.04.20"]
[Round "1"]
[White "Boutaev, Gazi"]
[Black "Poliviou, Evangelos"]
[Result "1-0"]
[WhiteElo "1730"]
[BlackElo "1930"]
[PlyCount "59"]
[EventDate "2003.04.??"]
[EventType "swiss"]
[EventRounds "7"]
[EventCountry "GRE"]
[SourceTitle "EXT 2005"]
[Source "ChessBase"]
[SourceDate "2004.11.15"]
[SourceVersion "1"]
[SourceVersionDate "2004.11.15"]
[SourceQuality "1"]

1. Nf3 Nf6 2. c4 g6 3. Nc3 Bg7 4. e4 d6 5. d4 0-0 6. Be2 Nbd7 7. 0-0 c5 8. d5 Rb8 9. Re1 a6 10. Bf1 Ne8 11. Bf4 Nc7 12. e5 dxe5 13. Nxe5 Nxe5 14. Bxe5 Bxe5 15. Rxe5 b5 16. b3 Qd6 17. Re3 Rd8 18. Qe1 e6 19. Ne4 Qf8 20. Nf6+ Kg7 21. Qc3 b4 22. Qb2 e5 23. Qxe5 Rb7 24. Ne8+ Kg8 25. Nxc7 Rd7 26. Ne8 Re7 27. Nf6+ Kh8 28. Qf4 Rxe3 29. fxe3 Qg7 30. Qe5 1-0

[Event "GRE-ch U18"]
[Site "Chania"]
[Date "2003.04.20"]
[Round "2"]
[White "Kokkinakis, Manousos"]
[Black "Boutaev, Gazi"]
[Result "1/2-1/2"]
[WhiteElo "1885"]
[BlackElo "1730"]
[PlyCount "96"]
[EventDate "2003.04.??"]
[EventType "swiss"]
[EventRounds "7"]
[EventCountry "GRE"]
[SourceTitle "EXT 2005"]
[Source "ChessBase"]
[SourceDate "2004.11.15"]
[SourceVersion "1"]
[SourceVersionDate "2004.11.15"]
[SourceQuality "1"]

1. d4 d5 2. c4 c6 3. Nf3 Nf6 4. Qc2 g6 5. Bf4 Bg7 6. e3 Bf5 7. Qb3 Qb6 8. Nc3 Be6 9. c5 Qxb3 10. axb3 Nbd7 11. b4 Nh5 12. Bc7 a6 13. h3 Rc8 14. Bh2 h6 15. Nd2 Nf8 16. Na4 Rd8 17. Nb6 Nd7 18. Bc7 Nxb6 19. Bxd8 Kxd8 20. cxb6 Nf6 21. Nb3 Bc8 22. Nc5 Nd7 23. Nxd7 Kxd7 24. 0-0-0 e6 25. Kc2 Bf6 26. Bd3 Bd8 27. f3 Bxb6 28. e4 Kd6 29. Kc3 Bd8 30. g4 Bg5 31. h4 Bf4 32. Bc2 Bd7 33. Rhg1 Bc8 34. Bb3 Bd7 35. Kd3 Bc8 36. exd5 exd5 37. Rde1 Bd7 38. Kc3 Be6 39. Bc2 Bd7 40. Bd3 Be6 41. Re2 h5 42. gxh5 Rxh5 43. Bxg6 Rxh4 44. Bd3 Rh3 45. Rf1 Rg3 46. Rff2 Kd7 47. Kc2 Kd6 48. Re1 Rh3 1/2-1/2